Socializing states : (Record no. 20285)
[ view plain ]
| 000 -LEADER | |
|---|---|
| fixed length control field | 01479cam a22002655a 4500 |
| 001 - CONTROL NUMBER | |
| control field | 17803757 |
| 005 - DATE AND TIME OF LATEST TRANSACTION | |
| control field | 20151222142101.0 |
| 008 - FIXED-LENGTH DATA ELEMENTS--GENERAL INFORMATION | |
| fixed length control field | 130708t2013 enk b f001 0 eng d |
| 020 ## - INTERNATIONAL STANDARD BOOK NUMBER | |
| International Standard Book Number | 9780199301003 (pbk.) |
| 040 ## - CATALOGING SOURCE | |
| Original cataloging agency | DLC |
| Language of cataloging | eng |
| Transcribing agency | DLC |
| Modifying agency | EG-ScBUE |
| 082 04 - DEWEY DECIMAL CLASSIFICATION NUMBER | |
| Classification number | 341.48 |
| Edition number | 22 |
| Item number | GOO |
| 100 1# - MAIN ENTRY--PERSONAL NAME | |
| Personal name | Goodman, Ryan. |
| 9 (RLIN) | 38957 |
| 245 10 - TITLE STATEMENT | |
| Title | Socializing states : |
| Remainder of title | promoting human rights through international law / |
| Statement of responsibility, etc | Ryan Goodman and Derek Jinks. |
| 260 ## - PUBLICATION, DISTRIBUTION, ETC. (IMPRINT) | |
| Place of publication, distribution, etc | Oxford ; |
| -- | New York : |
| Name of publisher, distributor, etc | Oxford University Press, |
| Date of publication, distribution, etc | c.2013. |
| 300 ## - PHYSICAL DESCRIPTION | |
| Extent | ix, 240 p. ; |
| Dimensions | 25 cm. |
| 500 ## - GENERAL NOTE | |
| General note | Index : p. 221-240. |
| 504 ## - BIBLIOGRAPHY, ETC. NOTE | |
| Bibliography, etc | Bibliography : p. 195-219. |
| 505 0# - FORMATTED CONTENTS NOTE | |
| Formatted contents note | Introduction : rethinking state socialization and international human rights law -- Three mechanisms of social influence -- Acculturation of states : the theoretical model -- Acculturation of states : the empirical record -- Conditional membership : socialization and the community delimitation-- Precision of legal obligations : socialization and rule-making -- Monitoring and enforcement : socialization and rule-breakers -- State acculturation and the problem of compliance -- Toward an integrated model of state socialization -- Conclusion: taking stock and future research. |
| 650 #0 - SUBJECT ADDED ENTRY--TOPICAL TERM | |
| Topical term or geographic name as entry element | Human rights |
| General subdivision | Political aspects. |
| Source of heading or term | BUEsh |
| 650 #0 - SUBJECT ADDED ENTRY--TOPICAL TERM | |
| Topical term or geographic name as entry element | International law and human rights. |
| Source of heading or term | BUEsh |
| 650 #0 - SUBJECT ADDED ENTRY--TOPICAL TERM | |
| Topical term or geographic name as entry element | State, The |
| General subdivision | Social aspects. |
| Source of heading or term | BUEsh |
| 9 (RLIN) | 13224 |
| 653 ## - INDEX TERM--UNCONTROLLED | |
| Resource For college | BAEPS, Political Science |
| Arrived date list | July2015 |
| -- | December2015 |
| 700 1# - ADDED ENTRY--PERSONAL NAME | |
| Personal name | Jinks, Derek |
| 942 ## - ADDED ENTRY ELEMENTS (KOHA) | |
| Source of classification or shelving scheme | Dewey Decimal Classification |
| Withdrawn status | Lost status | Source of classification or shelving scheme | Damaged status | Not for loan | Koha collection | Home library | Current library | Shelving location | Date acquired | Source of acquisition | Cost, normal purchase price | Serial Enumeration / chronology | Total Checkouts | Full call number | Barcode | Date last seen | Cost, replacement price | Koha item type |
|---|---|---|---|---|---|---|---|---|---|---|---|---|---|---|---|---|---|---|
| Dewey Decimal Classification | Baccah | Central Library | Central Library | First floor | 08/07/2015 | Purchase | 220.00 | 21782 | 341.48 GOO | 000039280 | 15/07/2025 | 275.00 | Book - Borrowing |